<?xml version="1.0" encoding="UTF-8"?>
<collection xmlns="http://www.loc.gov/MARC21/slim">
  <record>
    <leader>00000nam  2200000   4500</leader>
    <controlfield tag="001">INLIS000000000020564</controlfield>
    <controlfield tag="005">20250721111456</controlfield>
    <datafield tag="035" ind1="#" ind2="#">
      <subfield code="a">0010-0725000094</subfield>
    </datafield>
    <controlfield tag="007">ta</controlfield>
    <controlfield tag="008">250721################|##########|#|##</controlfield>
    <datafield tag="084" ind1="#" ind2="#">
      <subfield code="a">R 173 PKN II 2023</subfield>
    </datafield>
    <datafield tag="100" ind1=" " ind2="#">
      <subfield code="a">Allazi</subfield>
    </datafield>
    <datafield tag="245" ind1="1" ind2="#">
      <subfield code="a">Peningkatan Manajemen Data Pelabuhan Yang Terintegrasi Dengan Pendekatan Spasial Kabupaten Natuna /</subfield>
      <subfield code="c">Allazi</subfield>
    </datafield>
    <datafield tag="260" ind1="#" ind2="#">
      <subfield code="a">Jakarta :</subfield>
      <subfield code="b">Pusbangkom Pimnas dan Manajerial ASN,</subfield>
      <subfield code="c">2023</subfield>
    </datafield>
    <datafield tag="300" ind1="#" ind2="#">
      <subfield code="a">59 hlm. ;</subfield>
      <subfield code="c">30 cm</subfield>
    </datafield>
    <datafield tag="650" ind1="#" ind2="4">
      <subfield code="a">Manajemen Data</subfield>
    </datafield>
    <datafield tag="520" ind1="#" ind2="#">
      <subfield code="a">Tujuan utama untuk meningkatkan efisiensi dan kinerja pengelolaan data pelabuhan. Untuk mencapai tujuan tersebut, terdapat beberapa tahapan yang perlu dilakukan, mulai dari koordinasi dengan pimpinan dan instansi yang terlibat, pembuatan SK Tim, pengumpulan data dan informasi, perekapan dan penginputan data-data pelabuhan yang telah tersedia dan selanjutnya pengintegrasian data tabular menjadi data spasial berbasis Sistem Informasi Geografis (SIG).</subfield>
    </datafield>
    <datafield tag="990" ind1="#" ind2="#">
      <subfield code="a">2407173</subfield>
    </datafield>
  </record>
</collection>
